Synonym-Wörterbuch Sinnverwandte Ausdrücke der deutschen Sprache

Podrobná bibliografia
Médium: Kniha
Jazyk:neznámy jazyk
nemčina
Fyzický popis:643 s.
Vydavateľské údaje: Leipzig VEB Bibliographisches Institut 1974
Vydanie:1. Aufl.
Predmet:

MARC

LEADER 00000nam a2200000 a 4500
001 vtls001276489
003 SK-MaSNL
005 20260301064632.0
008 210928s1974 xx 0 und
035 |a SNK000227738 
040 |a SNK  |b slo  |c SNK  |e AACR2 
041 |a ger 
044 |a gw  |c DE 
080 |a 811.112.2  |2 2001 
245 1 |a Synonym-Wörterbuch  |b Sinnverwandte Ausdrücke der deutschen Sprache  |c Hrsg. von Herbert Görner und Günter Kempeke 
250 |a 1. Aufl. 
260 |a Leipzig  |b VEB Bibliographisches Institut  |c 1974 
300 |a 643 s. 
650 0 7 |a nemčina  |2 SNKPH  |9 1384 
650 0 7 |a synonymické slovníky  |2 SNMK  |9 376912 
958 |a OND 
999 |c 627652  |d 629582 
952 |t P60, <04>, [BOOK], {604}  |a SNK  |b SNK  |y VYP  |7 0  |p 17A0039091  |o snkIC 60195  |0 0  |1 0  |4 0  |d 1997-02-18  |l 0  |r 2005-01-02 00:00:00  |w 2026-02-23